01399nam a2200313 a 450000100100000000500170001000800410002702000150006804000250008304100390010808200170014710000230016424001210018724501230030826000340043130000210046549000360048653401460052250000600066865000270072865000310075565000430078670000310082970000350086083000430089504900090093895201210094799900170106800002395420250611121345.0110117s1981 sp 000 0 spa d a8433905015 aDO-SdBNPbspacBNPHU17aspaheng2Código de idiomas MARC a572.7bR831t1 aRossi, Ino.94927410aTheories of culture and anthropological methods, in people in culture. A survey of cultural anthropology.lEspañol10aTeorías de la cultura y métodos antropológicos /cIno Rossi y Edward O´Higgins ; traducción Alberto Cardín. aBarcelona :bAnagrama,c1981. a204 p. ;c19 cm.1 aBiblioteca de Antropologíav1 aTítulo de la edición original :tTheories of culture and anthropological methods, in people in culture. A survey of cultural anthropology a"Panorama de la antropología cultural contemporanea". 0aAntropología 985431 0aPsicología social 91574 4aMetodología en antropología9492751 aO´Higgins, Edward.9492761 aCardín, Alberto,etr.932357 0aBiblioteca de Antropologíav1949277 aBNGR 001054708MOaGRbGRcCTd2011-01-17iLF1l0o572.7 R831tp23954-10r2020-06-25w2020-06-25y4ZPréstamo en sala c23450d23450